000 00672nam a2200193Ia 4500
008 090124s9999 xx 000 0 und d
082 _b130917
100 _aआर्चर जेफ्री
245 _a टू कट् अ लाँग स्टॉरी शॉर्ट
250 _a1
260 _c2002
300 _a244
600 _aआर्चर जेफ्री
630 _a टू कट् अ लाँग स्टॉरी शॉर्ट
700 _aसोहोनी लीना
700 _aआर्चर जेफ्री
730 _a टू कट् अ लाँग स्टॉरी शॉर्ट
942 _cBOOK
999 _c177006
_d177006